000 00698nam a22002297a 4500
003 OSt
005 20220107122743.0
008 140522b xxu||||| |||| 00| 0 eng d
020 _a9788126502806
040 _cIIITM-K
082 _a005.437 GAL/E
100 _aGalitz, Wilbert O
_94812
245 _aThe essential guide to user interface design:
_bAn introduction to GUI design principles and techniques
_cby Wilbert O Galitz
250 _a2nd ed.
260 _aNew Delhi,
_bWiley,
_c2012.
300 _axxiv, 760p.
650 _aCOMPUTER SCIENCE
_94813
650 _aWEB DESIGNING
_94814
650 _aUSER INTERFACE DESIGN
_94815
650 _aGRAPHIC USER INTERFACE
_94816
942 _2ddc
_cBK
999 _c4048
_d4048